Magadi : (Record no. 13121)
[ view plain ]
| 000 -LEADER | |
|---|---|
| fixed length control field | 00563nam a22001932 4500 |
| 001 - CONTROL NUMBER | |
| control field | 0000008752 |
| 005 - DATE AND TIME OF LATEST TRANSACTION | |
| control field | 20151217155835.0 |
| 008 - FIXED-LENGTH DATA ELEMENTS--GENERAL INFORMATION | |
| fixed length control field | 080527s xx 000 0 eng d |
| 020 ## - INTERNATIONAL STANDARD BOOK NUMBER | |
| Terms of availability | KES |
| 040 ## - CATALOGING SOURCE | |
| Original cataloging agency | KABU |
| Transcribing agency | KABU |
| 100 1# - MAIN ENTRY--PERSONAL NAME | |
| Personal name | Hill, M. F. |
| -- | 0000151092 |
| 245 10 - TITLE STATEMENT | |
| Title | Magadi : |
| Remainder of title | the story of the Magadi Soda Company / |
| Statement of responsibility, etc. | M. F. Hill. |
| 260 ## - PUBLICATION, DISTRIBUTION, ETC. (IMPRINT) | |
| Place of publication, distribution, etc. | Birmingham : |
| Name of publisher, distributor, etc. | The Kynoch Press, |
| Date of publication, distribution, etc. | 1964. |
| 300 ## - PHYSICAL DESCRIPTION | |
| Extent | x, 199 p. |
| 650 #0 - SUBJECT ADDED ENTRY--TOPICAL TERM | |
| Topical term or geographic name as entry element | Magadi Soda Company. |
| -- | 0000159455 |
| 908 ## - PUT COMMAND PARAMETER (RLIN) | |
| Put command parameter | 080527 |
| 950 ## - LOCAL HOLDINGS (RLIN) | |
| -- | 1 |
| Withdrawn status | Lost status | Source of classification or shelving scheme | Not for loan | Home library | Current library | Date acquired | Total Checkouts | Full call number | Barcode | Date last seen | Price effective from | Koha item type |
|---|---|---|---|---|---|---|---|---|---|---|---|---|
| Library of Congress Classification | Kabarak, Main Campus | Kabarak, Main Campus | 17/12/2015 | HD9213 .K4M34H55 c. 1 | 012641 | 17/12/2015 | 17/12/2015 | Africana Collection |